Stanislav Štepka: Ako bolo (správa o nás), Ako sme sa hľadali (správa z hlavnej cesty), Ako som vstúpil do seba (správa zo súkromnej cesty) propagačný plagát

Bibliographic Details
Other Authors: Meisner, Ján
Format: Photo
Language:Slovak
PhysicalDescription:1 plagát farebný 83 x 61 cm
Published: Trnava Divadlo pre deti a mládež 1984
Subjects:

MARC

LEADER 00000nkm a2200000 a 4500
001 vtls011611358
003 SK-MaSNL
005 20260426000224.0
007 kf bo
008 240409s1997 xo g kuslo
035 |a urn:nbn:sk:snk-km00cqcn 
035 |a urn:nbn:sk:snk-km3lrgb 
035 |a 9D3BB6D2-7026-40C0-B7FC-1A7EC9E0F31F 
040 |a SNK  |b slo  |c SNK  |e AACR2 
041 0 |a slo 
043 |a e-xo--- 
044 |a xo  |c SK 
072 7 |a 394  |x Verejný a spoločenský život. Každodenný život  |2 konspekt 
072 7 |a 929  |x Biografie  |2 konspekt 
080 |a 394.46  |2 2011 
080 |a (084.5)  |2 2011 
080 |a 929  |2 2011 
245 0 0 |a Stanislav Štepka: Ako bolo (správa o nás), Ako sme sa hľadali (správa z hlavnej cesty), Ako som vstúpil do seba (správa zo súkromnej cesty)  |b propagačný plagát  |h grafika  |c kresby na plagáte: Ján Meisner 
260 |a Trnava  |b Divadlo pre deti a mládež  |c 1984 
300 |a 1 plagát  |b farebný  |c 83 x 61 cm 
648 7 |2 SNKPH 
650 0 7 |a divadlo pre deti  |2 SNKPH  |9 16986 
651 7 |a Slovensko  |2 SNKPH  |9 14231 
655 7 |a plagáty  |2 SNKPH  |9 70571 
700 1 |a Meisner, Ján  |9 279454 
852 |a Slovenská národná knižnica v Martine 
958 |a CP 
958 |a GBN 
999 |c 849639  |d 851569 
952 |a SNKLM  |b SNKLM  |c SNKLM_ST  |y NEVYP  |7 1  |p 17A1201698  |o snklm L 1060  |i snklm 162  |8 7  |0 0  |1 0  |4 0  |d 2017-02-15  |f 1  |l 0  |r 2026-02-24 04:37:59  |w 2026-02-24